Getting more from your Bible: (Record no. 3360)

000 -LEADER
fixed length control field 00575nam a2200181 a 4500
001 - CONTROL NUMBER
control field :::00001090$&:&@@
003 - CONTROL NUMBER IDENTIFIER
control field OkBaRHE
005 - DATE AND TIME OF LATEST TRANSACTION
control field 20000607103241.0
008 - FIXED-LENGTH DATA ELEMENTS--GENERAL INFORMATION
fixed length control field s1985 j 000 0 eng u
040 ## - CATALOGING SOURCE
Transcribing agency
100 1# - MAIN ENTRY--PERSONAL NAME
Personal name Hall, Terry, 1941-
245 10 - TITLE STATEMENT
Title Getting more from your Bible:
Remainder of title How to tap God's great resource book.
260 ## - PUBLICATION, DISTRIBUTION, ETC. (IMPRINT)
Place of publication, distribution, etc Wheaton, IL., :
Name of publisher, distributor, etc Victor Books
Date of publication, distribution, etc 1985
300 ## - PHYSICAL DESCRIPTION
Extent 215 p. : illus. ;
Dimensions 21 cm.
650 ## - SUBJECT ADDED ENTRY--TOPICAL TERM
Topical term or geographic name as entry element Bible
General subdivision Use
942 ## - ADDED ENTRY ELEMENTS (KOHA)
Source of classification or shelving scheme
Koha item type Books
Copies
Not for loan Permanent Location Barcode Date acquired Date last seen Withdrawn status Damaged status Copy number Shelving location Full call number Lost status Source of classification or shelving scheme Koha item type Price effective from
 RHEMA Bible Training College10902010-04-142010-04-14  1General StacksBS 538.3 .H34  Books2010-04-14